[Event "4NCL/Div3/PPA1 vs. KHE"]
[Site "Birmingham ENG"]
[Date "2006.04.30"]
[Round "10.8"]
[White "Hale, Katie L W"]
[Black "Sirisena, Chantal N"]
[Result "0-1"]
[WhiteElo "1805"]
[BlackElo "1946"]
[PlyCount "64"]
[EventDate "2006.04.30"]
[EventType "team"]
[EventRounds "11"]
[EventCountry "ENG"]
[SourceDate "2006.04.29"]
[WhiteTeam "Kings Head"]
[BlackTeam "Poisnd Pawns 1"]

1. e4 g6 2. d4 Bg7 3. Nf3 d6 4. Be3 c6 5. c3 Nd7 6. Nbd2 b5 7. Bd3 Bb7 8. Qb3
Ngf6 9. h3 a6 10. O-O O-O 11. Rfe1 c5 12. a4 Bc6 13. axb5 axb5 14. Rxa8 Qxa8
15. Bxb5 Bxb5 16. Qxb5 Rb8 17. Qd3 Rxb2 18. e5 dxe5 19. dxe5 Qd5 20. Qc4 Nxe5
21. Qxd5 Nxd5 22. Bxc5 Nd3 23. Nc4 Rc2 24. Rd1 Rxc3 25. Nfd2 Nxc5 26. Re1 Nd3
27. Re4 Rc1+ 28. Kh2 Nxf2 29. Re2 Nd3 30. Ne3 N5f4 31. Nb3 Nxe2 32. Nxc1 Ndxc1
0-1

[Event "4NCL/Div3/BRI2 vs. HKF2"]
[Site "Birmingham ENG"]
[Date "2006.05.01"]
[Round "11.1"]
[White "Collier, David O"]
[Black "Fierro Baquero, Martha L"]
[Result "0-1"]
[WhiteElo "2142"]
[BlackElo "2294"]
[PlyCount "110"]
[EventDate "2006.05.01"]
[EventType "team"]
[EventRounds "11"]
[EventCountry "ENG"]
[SourceDate "2006.04.29"]
[WhiteTeam "Bristol 2"]
[BlackTeam "H Kingfisher 2"]

1. d4 g6 2. c4 Bg7 3. Nc3 d6 4. e4 Nf6 5. f3 O-O 6. Be3 e5 7. Nge2 exd4 8. Nxd4
Nc6 9. Qd2 Re8 10. O-O-O Bd7 11. h4 a6 12. Nc2 b5 13. Bg5 Qb8 14. Nd5 Nxd5 15.
cxd5 Ne5 16. Qf4 b4 17. Nd4 b3 18. a3 c5 19. Ne2 Bb5 20. Nc3 Bxf1 21. Rhxf1 Nc4
22. Rd3 Be5 23. Qg4 h5 24. Qh3 Qb6 25. Qd7 Qa5 26. Qa4 Qxa4 27. Nxa4 Rab8 28.
Kb1 f6 29. Bc1 Bd4 30. Nc3 Ne5 31. Rdd1 Bxc3 32. bxc3 b2 33. Bxb2 Rb3 34. Ka2
Reb8 35. Rf2 Nc4 36. Bc1 a5 37. Rc2 a4 38. Re1 Rb1 39. Ree2 R1b3 40. Bb2 Kf7
41. Bc1 R8b7 42. e5 Nxe5 43. Re4 Nd3 44. Rxa4 Nxc1+ 45. Rxc1 Rb2+ 46. Ka1 Rxg2
47. Re1 g5 48. hxg5 fxg5 49. Re6 h4 50. Rh6 Kg7 51. Re6 h3 52. Re1 h2 53. Rg4
Rbb2 54. Rh1 Rbf2 55. a4 Rxg4 0-1

[Event "4NCL/Div3/BRI2 vs. HKF2"]
[Site "Birmingham ENG"]
[Date "2006.05.01"]
[Round "11.2"]
[White "Crouch, Colin"]
[Black "Tome, Daniel"]
[Result "1-0"]
[WhiteElo "2357"]
[BlackElo "2122"]
[PlyCount "81"]
[EventDate "2006.05.01"]
[EventType "team"]
[EventRounds "11"]
[EventCountry "ENG"]
[SourceDate "2006.04.29"]
[WhiteTeam "H Kingfisher 2"]
[BlackTeam "Bristol 2"]

1. d4 Nf6 2. c4 g6 3. Nc3 Bg7 4. e4 d6 5. Nf3 O-O 6. Be2 Nbd7 7. O-O e5 8. Be3
Ng4 9. Bg5 f6 10. Bc1 Nh6 11. b3 Nf7 12. Ba3 f5 13. exf5 gxf5 14. dxe5 Ndxe5
15. Rc1 Kh8 16. c5 Nxf3+ 17. Bxf3 Be5 18. cxd6 Rg8 19. dxc7 Qxc7 20. Nd5 Qb8
21. Ne7 Rd8 22. Qe2 Bd7 23. Bd5 Be8 24. Bxf7 Bxf7 25. Bb2 Bg7 26. Nxf5 Rg8 27.
Nxg7 Rxg7 28. Qg4 Qg8 29. Rc7 b6 30. Rfc1 Re8 31. Rxa7 h5 32. Qf4 Kh7 33. Bxg7
Kxg7 34. h4 Re6 35. Rcc7 Rf6 36. Qg5+ Rg6 37. Rxf7+ Qxf7 38. Rxf7+ Kxf7 39.
Qxh5 Kg7 40. f4 Rh6 41. Qg5+ 1-0

[Event "4NCL/Div3/BRI2 vs. HKF2"]
[Site "Birmingham ENG"]
[Date "2006.05.01"]
[Round "11.3"]
[White "Lam, Paul G M"]
[Black "Broomfield, Matthew"]
[Result "0-1"]
[WhiteElo "2070"]
[BlackElo "2303"]
[PlyCount "74"]
[EventDate "2006.05.01"]
[EventType "team"]
[EventRounds "11"]
[EventCountry "ENG"]
[SourceDate "2006.04.29"]
[WhiteTeam "Bristol 2"]
[BlackTeam "H Kingfisher 2"]

1. d4 Nf6 2. c3 b6 3. Bg5 Bb7 4. Nd2 e6 5. e3 Be7 6. Ngf3 c5 7. Bd3 h6 8. Bh4
cxd4 9. exd4 d6 10. Qe2 a6 11. O-O Nbd7 12. Rfe1 O-O 13. h3 Re8 14. Rad1 Ra7
15. Bg3 b5 16. Ne4 Nb6 17. Nxf6+ Bxf6 18. Nd2 Be7 19. Bc2 Bf8 20. Qd3 g6 21. h4
h5 22. Re2 Bd5 23. b3 Rc7 24. Bb1 Qa8 25. f3 Qd8 26. Be1 Be7 27. g3 Qa8 28. Rf2
f5 29. Nf1 e5 30. Qe3 Bf7 31. Qh6 Nd5 32. g4 Nf4 33. Kh2 fxg4 34. fxg4 Bxh4 35.
Ng3 Bxg3+ 36. Kxg3 Qh1 37. Rxf4 exf4+ 0-1

[Event "4NCL/Div3/BRI2 vs. HKF2"]
[Site "Birmingham ENG"]
[Date "2006.05.01"]
[Round "11.4"]
[White "Britton, Richard L"]
[Black "Easton, Alex"]
[Result "1/2-1/2"]
[WhiteElo "2297"]
[BlackElo "2100"]
[PlyCount "95"]
[EventDate "2006.05.01"]
[EventType "team"]
[EventRounds "11"]
[EventCountry "ENG"]
[SourceDate "2006.04.29"]
[WhiteTeam "H Kingfisher 2"]
[BlackTeam "Bristol 2"]

1. e4 e6 2. d3 d5 3. Nd2 Nf6 4. Ngf3 Nc6 5. c3 a5 6. a4 dxe4 7. dxe4 Bc5 8. Bb5
O-O 9. O-O Qd6 10. Qe2 e5 11. Nc4 Qe6 12. Bg5 Re8 13. Rad1 Nd7 14. Ne3 Bxe3 15.
Bxe3 Qg4 16. h3 Qh5 17. Nd2 Qxe2 18. Bxe2 Nf8 19. Kh2 Be6 20. Bb5 Red8 21. Nc4
Ng6 22. g3 f6 23. Kg2 Nge7 24. h4 b6 25. Na3 Kf7 26. f3 Bb3 27. Bc4+ Bxc4 28.
Nxc4 Ke8 29. Kf2 Rxd1 30. Rxd1 Rd8 31. Rg1 Nc8 32. f4 Nd6 33. Nxd6+ Rxd6 34. f5
h6 35. g4 Kf7 36. g5 hxg5 37. hxg5 Rd8 38. g6+ Kg8 39. Ke2 Rd7 40. Rb1 Nd8 41.
b4 Nb7 42. Rb2 Kf8 43. Rd2 Rxd2+ 44. Kxd2 Ke7 45. Kd3 Nd6 46. bxa5 bxa5 47. Bd2
c5 48. c4 1/2-1/2

[Event "4NCL/Div3/BRI2 vs. HKF2"]
[Site "Birmingham ENG"]
[Date "2006.05.01"]
[Round "11.5"]
[White "Boyce, G Michael"]
[Black "Burrows, Martin P"]
[Result "0-1"]
[WhiteElo "2058"]
[BlackElo "2189"]
[PlyCount "70"]
[EventDate "2006.05.01"]
[EventType "team"]
[EventRounds "11"]
[EventCountry "ENG"]
[SourceDate "2006.04.29"]
[WhiteTeam "Bristol 2"]
[BlackTeam "H Kingfisher 2"]

1. Nf3 Nf6 2. c4 g6 3. d4 Bg7 4. g3 O-O 5. Bg2 d6 6. O-O Nc6 7. Nc3 a6 8. d5
Na5 9. Nd2 c5 10. Rb1 Rb8 11. b3 b5 12. Bb2 Bh6 13. Ba1 Bf5 14. e4 Bd7 15. f4
e5 16. Qc2 exf4 17. gxf4 Nh5 18. Ne2 Bg4 19. Bf3 Bxf3 20. Rxf3 bxc4 21. bxc4
Rxb1+ 22. Qxb1 Nxf4 23. Ng3 Qg5 24. Kf1 Qe7 25. Qc2 Nb7 26. Rb3 Nd8 27. Rb6 Qh4
28. Nf3 Qh3+ 29. Kg1 f6 30. Rxd6 Nf7 31. Rb6 Ne5 32. Nxe5 fxe5 33. Bxe5 Nh5 34.
Qg2 Be3+ 35. Kh1 Nxg3+ 0-1

[Event "4NCL/Div3/BRI2 vs. HKF2"]
[Site "Birmingham ENG"]
[Date "2006.05.01"]
[Round "11.6"]
[White "Buckley, Melanie"]
[Black "Humphreys, Jerry"]
[Result "1/2-1/2"]
[WhiteElo "2145"]
[BlackElo "2102"]
[PlyCount "90"]
[EventDate "2006.05.01"]
[EventType "team"]
[EventRounds "11"]
[EventCountry "ENG"]
[SourceDate "2006.04.29"]
[WhiteTeam "H Kingfisher 2"]
[BlackTeam "Bristol 2"]

1. e4 c5 2. Nc3 Nc6 3. f4 e6 4. Nf3 Nge7 5. Bb5 a6 6. Bxc6 Nxc6 7. O-O Be7 8.
d3 d6 9. Ne2 b5 10. a4 b4 11. Be3 O-O 12. Ng3 Bd7 13. Qd2 Qc7 14. f5 d5 15.
exd5 exd5 16. d4 cxd4 17. Nxd4 Rfe8 18. Nxc6 Qxc6 19. Bd4 Bc5 20. f6 g6 21. c3
bxc3 22. bxc3 Re6 23. a5 Rc8 24. Qg5 Kh8 25. Kh1 Bf8 26. Qd2 Qc4 27. Rab1 Bb5
28. Rfe1 Rce8 29. Rxe6 Rxe6 30. Re1 Qd3 31. Qf2 Rxe1+ 32. Qxe1 h6 33. Kg1 Kh7
34. Nh1 Qe2 35. Qxe2 Bxe2 36. Kf2 Bd3 37. Ng3 Bd6 38. Ke3 Bc4 39. Kf3 Bb3 40.
h4 Bd1+ 41. Kf2 Bc2 42. Nf1 g5 43. hxg5 hxg5 44. Ne3 Be4 45. Ng4 Kg6 1/2-1/2

[Event "4NCL/Div3/BRI2 vs. HKF2"]
[Site "Birmingham ENG"]
[Date "2006.05.01"]
[Round "11.7"]
[White "Hunt-Grubbe, Henry"]
[Black "Crombleholme, Alan K"]
[Result "1/2-1/2"]
[WhiteElo "1985"]
[BlackElo "2091"]
[PlyCount "72"]
[EventDate "2006.05.01"]
[EventType "team"]
[EventRounds "11"]
[EventCountry "ENG"]
[SourceDate "2006.04.29"]
[WhiteTeam "Bristol 2"]
[BlackTeam "H Kingfisher 2"]

1. d4 Nf6 2. Nc3 d5 3. Bg5 Nbd7 4. Nf3 c6 5. e3 g6 6. Bd3 Bg7 7. O-O O-O 8. Qd2
Re8 9. Bxf6 Bxf6 10. e4 Nf8 11. e5 Bg7 12. Nd1 Bg4 13. Qf4 Bxf3 14. Qxf3 f6 15.
Qe3 fxe5 16. dxe5 Qb6 17. Qg3 Nd7 18. Re1 e6 19. c3 Rf8 20. Kh1 Rf7 21. Rc1
Raf8 22. Bb1 c5 23. Rc2 Rf4 24. Rce2 c4 25. Qg5 Qd8 26. Qg3 b5 27. Qh3 Qe7 28.
g3 Rf3 29. Qg4 Nc5 30. h4 Qf7 31. Kg2 Nd7 32. Qg5 a5 33. h5 gxh5 34. Rh1 h6 35.
Qxh5 Qxh5 36. Rxh5 Nc5 1/2-1/2

[Event "4NCL/Div3/BRI2 vs. HKF2"]
[Site "Birmingham ENG"]
[Date "2006.05.01"]
[Round "11.8"]
[White "Parmar, Amisha"]
[Black "Owens, Megan"]
[Result "1-0"]
[WhiteElo "1956"]
[BlackElo "1645"]
[PlyCount "87"]
[EventDate "2006.05.01"]
[EventType "team"]
[EventRounds "11"]
[EventCountry "ENG"]
[SourceDate "2006.04.29"]
[WhiteTeam "H Kingfisher 2"]
[BlackTeam "Bristol 2"]

1. e4 c5 2. Nf3 a6 3. c4 e6 4. Nc3 b6 5. d4 cxd4 6. Nxd4 Bb7 7. Bd3 d6 8. O-O
Nf6 9. f4 Nbd7 10. Nc2 Nc5 11. Qe2 Be7 12. f5 O-O 13. b4 Nxd3 14. Qxd3 d5 15.
e5 Ne4 16. Nxe4 dxe4 17. Qg3 Qd3 18. Ne3 Kh8 19. Rd1 Qc3 20. Bd2 Qa3 21. Rab1
exf5 22. Rb3 f4 23. Qxg7+ Kxg7 24. Nf5+ Kh8 25. Rxa3 Bd8 26. Bxf4 Bc8 27. Nd6
Be6 28. Re3 Rg8 29. Rxe4 Bg4 30. Nxf7+ Kg7 31. Rxd8 Raxd8 32. Nxd8 Rxd8 33.
Bh6+ Kxh6 34. Rxg4 Rd1+ 35. Kf2 Rd2+ 36. Ke3 Rxa2 37. e6 Ra1 38. Ke4 Re1+ 39.
Kd5 a5 40. bxa5 bxa5 41. c5 Kh5 42. Re4 Rxe4 43. Kxe4 Kg6 44. c6 1-0

[Event "4NCL/Div3/SLOS3 vs. PPA1"]
[Site "Birmingham ENG"]
[Date "2006.05.01"]
[Round "11.1"]
[White "Roberson, Peter T"]
[Black "Swanson, Stephen"]
[Result "1/2-1/2"]
[WhiteElo "2126"]
[BlackElo "2270"]
[PlyCount "81"]
[EventDate "2006.05.01"]
[EventType "team"]
[EventRounds "11"]
[EventCountry "ENG"]
[SourceDate "2006.04.29"]
[WhiteTeam "Slough Sharks 3"]
[BlackTeam "Poisnd Pawns 1"]

1. e4 g6 2. d4 Bg7 3. Nc3 d6 4. Be3 a6 5. a4 Nd7 6. Nf3 b6 7. Bc4 e6 8. O-O h6
9. Qe2 Ne7 10. Rad1 Bb7 11. Ba2 O-O 12. Nh4 d5 13. exd5 Nxd5 14. Nxd5 Bxd5 15.
Bxd5 exd5 16. Nf3 Kh7 17. Qd3 Qf6 18. Rfe1 Rfe8 19. Bc1 Qc6 20. b3 b5 21. axb5
axb5 22. Rxe8 Rxe8 23. Re1 Rxe1+ 24. Nxe1 Qe6 25. Be3 c6 26. Nf3 f5 27. Nd2 Nf6
28. f3 Qd6 29. Bf2 Qe6 30. Be3 Nh5 31. Nb1 Bf8 32. Nc3 Bd6 33. Ne2 Bc7 34. Qd2
g5 35. Qd3 Qg6 36. Qd2 f4 37. Bf2 Ng7 38. Nc1 g4 39. Qd3 Nf5 40. fxg4 Qxg4 41.
Kf1 1/2-1/2

[Event "4NCL/Div3/SLOS3 vs. PPA1"]
[Site "Birmingham ENG"]
[Date "2006.05.01"]
[Round "11.2"]
[White "Posazhennikov, Alex"]
[Black "Szczerbak, Jaroslaw"]
[Result "1/2-1/2"]
[WhiteElo "2235"]
[BlackElo "2137"]
[PlyCount "82"]
[EventDate "2006.05.01"]
[EventType "team"]
[EventRounds "11"]
[EventCountry "ENG"]
[SourceDate "2006.04.29"]
[WhiteTeam "Poisnd Pawns 1"]
[BlackTeam "Slough Sharks 3"]

1. d4 c6 2. c4 d5 3. Nf3 Nf6 4. Nc3 e6 5. Bg5 Nbd7 6. e3 Be7 7. Be2 dxc4 8.
Bxc4 b5 9. Bd3 a6 10. e4 c5 11. e5 cxd4 12. exf6 gxf6 13. Be4 dxc3 14. Bxa8
cxb2 15. Rb1 fxg5 16. Rxb2 Bf6 17. Rc2 Nb6 18. Bc6+ Ke7 19. Qc1 g4 20. Nd2 Qd3
21. Ne4 Rg8 22. Nxf6 Kxf6 23. Qf4+ Ke7 24. Rd2 Qc4 25. Qc7+ Nd7 26. Qd6+ Kf6
27. Bxd7 Rd8 28. Qc6 Rxd7 29. Qxc4 bxc4 30. Rxd7 Bxd7 31. Kd2 Ke5 32. Kc3 Bc6
33. Rb1 Bxg2 34. Rb6 Ke4 35. Rxa6 Kf3 36. Ra7 Kxf2 37. Rxf7+ Kg1 38. Rxh7 Bh3
39. Re7 Kxh2 40. Rxe6 g3 41. Rg6 g2 1/2-1/2

[Event "4NCL/Div3/SLOS3 vs. PPA1"]
[Site "Birmingham ENG"]
[Date "2006.05.01"]
[Round "11.3"]
[White "Kafka, Graeme"]
[Black "Moore, Gerald"]
[Result "0-1"]
[WhiteElo "2131"]
[BlackElo "2240"]
[PlyCount "79"]
[EventDate "2006.05.01"]
[EventType "team"]
[EventRounds "11"]
[EventCountry "ENG"]
[SourceDate "2006.04.29"]
[WhiteTeam "Slough Sharks 3"]
[BlackTeam "Poisnd Pawns 1"]

1. e4 c5 2. Nf3 e6 3. d4 cxd4 4. Nxd4 Nc6 5. Nc3 d6 6. Be3 Nf6 7. Qd2 Be7 8. f3
a6 9. g4 O-O 10. O-O-O Nd7 11. h4 Nxd4 12. Bxd4 b5 13. g5 Qa5 14. Kb1 b4 15.
Ne2 Rb8 16. Ng3 Ne5 17. Be2 Rd8 18. Nh5 Bf8 19. Rhg1 Bb7 20. Qe3 Bc6 21. f4 Ng6
22. f5 exf5 23. exf5 Qxf5 24. Ng3 Qf4 25. h5 Qxe3 26. Bxe3 Ne5 27. Nf5 a5 28.
h6 Be4 29. hxg7 Bxf5 30. gxf8=Q+ Kxf8 31. Rgf1 Bg6 32. Rd5 a4 33. b3 axb3 34.
axb3 Rdc8 35. Bd3 Nxd3 36. cxd3 Rc3 37. Kb2 Rbc8 38. Rf2 Bxd3 39. Rxd6 Bc2 40.
Rd4 0-1

[Event "4NCL/Div3/SLOS3 vs. PPA1"]
[Site "Birmingham ENG"]
[Date "2006.05.01"]
[Round "11.4"]
[White "Harley, Andrew"]
[Black "Nelson, Omowale"]
[Result "1-0"]
[WhiteElo "2239"]
[BlackElo "2089"]
[PlyCount "115"]
[EventDate "2006.05.01"]
[EventType "team"]
[EventRounds "11"]
[EventCountry "ENG"]
[SourceDate "2006.04.29"]
[WhiteTeam "Poisnd Pawns 1"]
[BlackTeam "Slough Sharks 3"]

1. e4 c6 2. d4 d5 3. exd5 cxd5 4. c4 Nf6 5. Nc3 e6 6. Nf3 Bb4 7. Bd3 dxc4 8.
Bxc4 Nd5 9. Bd2 Nc6 10. O-O Be7 11. Bxd5 exd5 12. Qb3 Be6 13. Qxb7 Rc8 14. Bf4
O-O 15. Rad1 Qa5 16. Qb5 Bb4 17. Qd3 Ne7 18. Bd2 Bf5 19. Qe3 Nc6 20. a3 Be7 21.
b4 Qd8 22. b5 Na5 23. Nxd5 Qxd5 24. Qxe7 Qxb5 25. Qxa7 Nc4 26. Bb4 Rfd8 27. Qe7
Re8 28. Qg5 h6 29. Qh5 Qd5 30. Nh4 g6 31. Qxh6 Re4 32. Nxf5 Qxf5 33. Qh3 Qxh3
34. gxh3 Nb2 35. Rc1 Rd8 36. Bc5 Nd3 37. Rc3 Nf4 38. Re3 Rxe3 39. fxe3 Nxh3+
40. Kg2 Ng5 41. Be7 Rd5 42. Bxg5 Rxg5+ 43. Kf3 Rf5+ 44. Ke2 Ra5 45. Ra1 Kf8 46.
Kd3 Ke7 47. Kc4 Kd6 48. a4 g5 49. e4 f6 50. h3 Ke6 51. Kb4 Ra8 52. a5 Kd6 53.
a6 Rb8+ 54. Ka5 Ra8 55. Ra3 Kd7 56. Kb6 Rb8+ 57. Kc5 Rc8+ 58. Kd5 1-0

[Event "4NCL/Div3/SLOS3 vs. PPA1"]
[Site "Birmingham ENG"]
[Date "2006.05.01"]
[Round "11.5"]
[White "Cox, Tristan"]
[Black "Dunn, Andrew"]
[Result "0-1"]
[WhiteElo "2047"]
[BlackElo "2197"]
[PlyCount "65"]
[EventDate "2006.05.01"]
[EventType "team"]
[EventRounds "11"]
[EventCountry "ENG"]
[SourceDate "2006.04.29"]
[WhiteTeam "Slough Sharks 3"]
[BlackTeam "Poisnd Pawns 1"]

1. Nf3 d5 2. c4 c6 3. b3 Bf5 4. g3 Nd7 5. Bb2 Ngf6 6. Bg2 e6 7. O-O Be7 8. d3
h6 9. Nbd2 O-O 10. a3 a5 11. Rc1 Re8 12. Rc2 Bh7 13. Qa1 Nc5 14. cxd5 exd5 15.
Rfc1 Ne6 16. Ne5 Nd7 17. Nxd7 Qxd7 18. Bh3 Bf8 19. Nf3 Qe7 20. Ne5 Red8 21. Bg2
Qd6 22. Bh3 Qe7 23. a4 Qd6 24. f4 c5 25. Bg2 Qb6 26. f5 c4+ 27. Kh1 cxd3 28.
Nxf7 dxc2 29. fxe6 Qxe6 30. Nxd8 Rxd8 31. Bf3 Qe3 32. Bc3 Be4 33. Kg2 0-1

[Event "4NCL/Div3/SLOS3 vs. PPA1"]
[Site "Birmingham ENG"]
[Date "2006.05.01"]
[Round "11.6"]
[White "Byway, Paul"]
[Black "Purton, Ben J"]
[Result "1-0"]
[WhiteElo "2212"]
[BlackElo "2107"]
[PlyCount "105"]
[EventDate "2006.05.01"]
[EventType "team"]
[EventRounds "11"]
[EventCountry "ENG"]
[SourceDate "2006.04.29"]
[WhiteTeam "Poisnd Pawns 1"]
[BlackTeam "Slough Sharks 3"]

1. d4 Nf6 2. Bf4 g6 3. e3 Bg7 4. c4 d6 5. Nc3 Nbd7 6. Nf3 O-O 7. h3 c6 8. Be2
h6 9. O-O Nh7 10. Qc2 e5 11. Bh2 Qe7 12. b4 f5 13. c5 dxc5 14. bxc5 b6 15. cxb6
axb6 16. dxe5 Qc5 17. Qb3+ Kh8 18. Rac1 Qa5 19. Nh4 Nxe5 20. Bxe5 Bxe5 21.
Nxg6+ Kg7 22. Nxe5 Qxe5 23. Qxb6 Rf6 24. f4 Qe7 25. Rf3 Rg6 26. Qd4+ Nf6 27.
Rf2 Qa3 28. Rd1 Ra7 29. Bf3 Rd7 30. Qc4 Re7 31. Re1 Ba6 32. Qb3 Qa5 33. Rd2 Qc5
34. Nd1 Kh7 35. Qc3 Qa7 36. Qa5 Nd5 37. Bxd5 cxd5 38. Qxd5 Bb7 39. Qxf5 Be4 40.
Qb5 Bf3 41. Qd3 Be4 42. Qd4 Qa8 43. g4 Reg7 44. Nf2 Bg2 45. e4 Bxh3 46. Nxh3
Rxg4+ 47. Kf1 Qa3 48. Qd3 Qc5 49. Re3 Qc1+ 50. Rd1 Qb2 51. Qe2 Qb6 52. Re1 Qg6
53. Ng5+ 1-0

[Event "4NCL/Div3/SLOS3 vs. PPA1"]
[Site "Birmingham ENG"]
[Date "2006.05.01"]
[Round "11.7"]
[White "Muter, Donny"]
[Black "Rosen, Daniel B"]
[Result "1/2-1/2"]
[WhiteElo "2087"]
[BlackElo "2144"]
[PlyCount "62"]
[EventDate "2006.05.01"]
[EventType "team"]
[EventRounds "11"]
[EventCountry "ENG"]
[SourceDate "2006.04.29"]
[WhiteTeam "Slough Sharks 3"]
[BlackTeam "Poisnd Pawns 1"]

1. Nf3 d6 2. e4 g6 3. d4 Bg7 4. c4 Bg4 5. d5 c5 6. Qb3 Qc7 7. Nc3 Bxf3 8. gxf3
Nd7 9. f4 Ngf6 10. Be2 a6 11. Qc2 e6 12. a4 exd5 13. exd5 O-O-O 14. Be3 Rde8
15. O-O h5 16. Rab1 Ng4 17. Bd2 Bd4 18. h3 Qd8 19. Qd3 Qh4 20. Qf3 Nh6 21. Bd3
f5 22. Ne2 Nf6 23. Nxd4 cxd4 24. Rfe1 Ne4 25. Bxe4 fxe4 26. Rxe4 Rxe4 27. Qxe4
Qxh3 28. Qxd4 Re8 29. Re1 Qg4+ 30. Kf1 Qh3+ 31. Kg1 Qg4+ 1/2-1/2

[Event "4NCL/Div3/SLOS3 vs. PPA1"]
[Site "Birmingham ENG"]
[Date "2006.05.01"]
[Round "11.8"]
[White "Sirisena, Chantal N"]
[Black "Ignacz, Rosza"]
[Result "1/2-1/2"]
[WhiteElo "1946"]
[BlackElo "1955"]
[PlyCount "106"]
[EventDate "2006.05.01"]
[EventType "team"]
[EventRounds "11"]
[EventCountry "ENG"]
[SourceDate "2006.04.29"]
[WhiteTeam "Poisnd Pawns 1"]
[BlackTeam "Slough Sharks 3"]

1. e4 c6 2. c4 d5 3. exd5 cxd5 4. cxd5 Nf6 5. Nc3 Nxd5 6. Bc4 Nxc3 7. bxc3 e6
8. Nf3 Be7 9. O-O O-O 10. d4 Qc7 11. Qe2 Bf6 12. Bg5 Nd7 13. Bxf6 Nxf6 14. Rac1
Bd7 15. Ne5 Rac8 16. Rfe1 Rfd8 17. Bb3 Be8 18. Qf3 a6 19. Ng4 Nd5 20. Bxd5 Rxd5
21. Qg3 Qxg3 22. hxg3 Ra5 23. Re2 Ra3 24. Rec2 f6 25. Ne3 Ba4 26. Rb2 b5 27. d5
Rcxc3 28. Rxc3 Rxc3 29. dxe6 Rc6 30. e7 Re6 31. Nd5 Re1+ 32. Kh2 Kf7 33. Nc3
Bd1 34. Nd5 Re2 35. Rb1 Rd2 36. Nc7 Kxe7 37. Nxa6 Rxa2 38. Nc7 Ba4 39. f3 Bc2
40. Re1+ Kf7 41. Nxb5 Bd3 42. Nc3 Rc2 43. Nd5 Be2 44. Kg1 g5 45. Ne3 Rd2 46.
Nf1 Rb2 47. g4 Bd3 48. Ne3 Kg6 49. Kh2 Be2 50. Kg3 h5 51. gxh5+ Kxh5 52. f4
gxf4+ 53. Kxf4 Bd3 1/2-1/2

[Event "4NCL/Div3/SWD2 vs. MIN"]
[Site "Birmingham ENG"]
[Date "2006.05.01"]
[Round "11.1"]
[White "Spice, Alan"]
[Black "McFarland, Robert S"]
[Result "1-0"]
[WhiteElo "2216"]
[BlackElo "2257"]
[PlyCount "101"]
[EventDate "2006.05.01"]
[EventType "team"]
[EventRounds "11"]
[EventCountry "ENG"]
[SourceDate "2006.04.29"]
[WhiteTeam "S W Dragons 2"]
[BlackTeam "Mindsportsltd"]

1. Nc3 g6 2. d4 Bg7 3. e4 c6 4. Nf3 d6 5. a4 b6 6. Be2 Nf6 7. O-O O-O 8. Re1
Na6 9. e5 Ne8 10. Bg5 f6 11. exf6 exf6 12. Be3 d5 13. Qd2 Nb4 14. Nd1 a5 15. c3
Na6 16. Bd3 Nd6 17. Bh6 Bf5 18. Bxg7 Kxg7 19. Bxf5 Nxf5 20. Ne3 Nxe3 21. Rxe3
Nc7 22. Rae1 Rf7 23. h4 h5 24. R1e2 Qd6 25. Ne1 Qd7 26. Nd3 Re8 27. Nf4 Rxe3
28. Rxe3 Kh7 29. Qd3 f5 30. Qe2 c5 31. Nh3 Kg8 32. Rg3 Rg7 33. Nf4 Qd6 34. Qe3
cxd4 35. Qxd4 Kh7 36. Nxh5 Rf7 37. Nf4 Rg7 38. Re3 Rd7 39. g3 Qc6 40. Nh3 Qd6
41. Re5 Kg8 42. Ng5 b5 43. axb5 Rd8 44. b6 Nb5 45. Qe3 d4 46. Re8+ Kg7 47. Rxd8
dxe3 48. Rxd6 exf2+ 49. Kxf2 Nxd6 50. Ne6+ Kf6 51. Nc5 1-0

[Event "4NCL/Div3/SWD2 vs. MIN"]
[Site "Birmingham ENG"]
[Date "2006.05.01"]
[Round "11.2"]
[White "Richards, Heather"]
[Black "May, Frank"]
[Result "1-0"]
[WhiteElo "2235"]
[BlackElo "2145"]
[PlyCount "73"]
[EventDate "2006.05.01"]
[EventType "team"]
[EventRounds "11"]
[EventCountry "ENG"]
[SourceDate "2006.04.29"]
[WhiteTeam "Mindsportsltd"]
[BlackTeam "S W Dragons 2"]

1. e4 e6 2. d4 d5 3. Nc3 Nf6 4. e5 Nfd7 5. f4 c5 6. Nf3 Nc6 7. Be3 a6 8. Qd2 b5
9. Ne2 Be7 10. c3 O-O 11. Kf2 f6 12. Ng3 fxe5 13. fxe5 cxd4 14. cxd4 Nb6 15. b3
Bd7 16. Bd3 Nb4 17. Bb1 Be8 18. h4 Bg6 19. Bxg6 hxg6 20. a3 Nc6 21. Qc2 Qe8 22.
h5 g5 23. Kg1 g4 24. Nh4 Bxh4 25. Rxh4 Rc8 26. Qd3 Ne7 27. h6 Qg6 28. Qxg6 Nxg6
29. Rxg4 Kh7 30. hxg7 Kxg7 31. Nh5+ Kh7 32. Kh2 Nd7 33. Rh1 Rf5 34. Kg1 Ndf8
35. Nf4+ Kg7 36. Nxg6 Nxg6 37. Rh6 1-0

[Event "4NCL/Div3/SWD2 vs. MIN"]
[Site "Birmingham ENG"]
[Date "2006.05.01"]
[Round "11.3"]
[White "Powell, Lloyd"]
[Black "Howell, Christopher"]
[Result "1-0"]
[WhiteElo "2184"]
[BlackElo "2147"]
[PlyCount "63"]
[EventDate "2006.05.01"]
[EventType "team"]
[EventRounds "11"]
[EventCountry "ENG"]
[SourceDate "2006.04.29"]
[WhiteTeam "S W Dragons 2"]
[BlackTeam "Mindsportsltd"]

1. d4 Nf6 2. c4 g6 3. Nc3 Bg7 4. e4 d6 5. Be2 O-O 6. Nf3 Nbd7 7. O-O e5 8. Be3
Ng4 9. Bg5 f6 10. Bc1 Nh6 11. Re1 c6 12. h3 f5 13. Bg5 Qc7 14. exf5 Nxf5 15.
dxe5 Nxe5 16. Nxe5 Bxe5 17. Qd2 Be6 18. Rad1 Qf7 19. b3 h6 20. Bf4 Nh4 21. Be3
Bxh3 22. gxh3 Nf3+ 23. Bxf3 Qxf3 24. Bd4 Bxd4 25. Qxd4 Rf5 26. Ne4 Qxh3 27. Rd3
Qh4 28. Rg3 Kh7 29. Ng5+ hxg5 30. Re7+ Kh6 31. Qg7+ Kh5 32. Qh7# 1-0

[Event "4NCL/Div3/SWD2 vs. MIN"]
[Site "Birmingham ENG"]
[Date "2006.05.01"]
[Round "11.4"]
[White "Almond, Richard"]
[Black "Brown, Alan M"]
[Result "1/2-1/2"]
[WhiteElo "2093"]
[BlackElo "2121"]
[PlyCount "93"]
[EventDate "2006.05.01"]
[EventType "team"]
[EventRounds "11"]
[EventCountry "ENG"]
[SourceDate "2006.04.29"]
[WhiteTeam "Mindsportsltd"]
[BlackTeam "S W Dragons 2"]

1. d4 Nf6 2. c4 e6 3. Nc3 Bb4 4. Qc2 c5 5. dxc5 O-O 6. a3 Bxc5 7. Nf3 Nc6 8.
Bg5 Be7 9. Rd1 Ne8 10. Bf4 f5 11. g3 b6 12. Bg2 Bb7 13. O-O Qc8 14. Qd3 Nf6 15.
b4 Rd8 16. Bd6 Bxd6 17. Qxd6 Ne8 18. Qd3 d6 19. e4 Ne7 20. Rfe1 Nf6 21. exf5
Nxf5 22. Ng5 Bxg2 23. Kxg2 Re8 24. Kg1 h6 25. Nge4 Nxe4 26. Nxe4 Qc6 27. Qb3
Rad8 28. Nc3 Kh8 29. Nb5 a6 30. Nd4 Nxd4 31. Rxd4 d5 32. cxd5 exd5 33. Red1 Re5
34. Qd3 b5 35. Qd2 Rde8 36. Rxd5 Re2 37. Qd4 Re1+ 38. Rxe1 Rxe1+ 39. Kg2 Re8
40. Kg1 Re1+ 41. Kg2 Re8 42. Qc5 Qg6 43. Rf5 Kg8 44. Re5 Rf8 45. Qd5+ Kh8 46.
Re2 Qf6 47. Qe4 1/2-1/2

[Event "4NCL/Div3/SWD2 vs. MIN"]
[Site "Birmingham ENG"]
[Date "2006.05.01"]
[Round "11.5"]
[White "Rees, Gwynfor"]
[Black "Ackley, Peter"]
[Result "1-0"]
[WhiteElo "2101"]
[BlackElo "2030"]
[PlyCount "81"]
[EventDate "2006.05.01"]
[EventType "team"]
[EventRounds "11"]
[EventCountry "ENG"]
[SourceDate "2006.04.29"]
[WhiteTeam "S W Dragons 2"]
[BlackTeam "Mindsportsltd"]

1. d4 e6 2. c4 f5 3. Nc3 Nf6 4. f3 Bb4 5. Bd2 b6 6. a3 Bxc3 7. Bxc3 Bb7 8. e3
O-O 9. Bd3 Nh5 10. g3 Qg5 11. Qe2 d6 12. Nh3 Qe7 13. Nf2 e5 14. d5 Nd7 15. Qc2
g6 16. b4 a5 17. O-O axb4 18. axb4 b5 19. e4 bxc4 20. Bxc4 Nb6 21. Be2 f4 22.
g4 Ng7 23. Rfe1 Rfc8 24. Qb3 Kf8 25. b5 Ne8 26. Nd3 Qd8 27. Nb4 Rxa1 28. Rxa1
Ra8 29. Na6 h5 30. gxh5 Qg5+ 31. Kh1 Qxh5 32. Rg1 Ke7 33. Be1 Kd7 34. Qc2 Nc8
35. Rg4 Ne7 36. Rh4 Qg5 37. Bf1 Qf6 38. Bh3+ Kd8 39. Rh7 Bxa6 40. bxa6 Rxa6 41.
Qb2 1-0